PRACTICAL RESEARCH METHODS FOR EDUCATORS (Record no. 17971)

MARC details
000 -LEADER
fixed length control field 00392nam a2200145Ia 4500
008 - FIXED-LENGTH DATA ELEMENTS--GENERAL INFORMATION
fixed length control field 240624s9999 xx 000 0 und d
041 ## - LANGUAGE CODE
Language code of text/sound track or separate title eng
082 ## - DEWEY DECIMAL CLASSIFICATION NUMBER
Classification number 370.72 CIP
100 ## - MAIN ENTRY--PERSONAL NAME
Personal name CIPANI ENNIO
245 ## - TITLE STATEMENT
Title PRACTICAL RESEARCH METHODS FOR EDUCATORS
250 ## - EDITION STATEMENT
Edition statement 11
260 ## - PUBLICATION, DISTRIBUTION, ETC.
Date of publication, distribution, etc. 2010
Place of publication, distribution, etc. New Delhi
Name of publisher, distributor, etc. Manohar Publishers & Distributors
300 ## - PHYSICAL DESCRIPTION
Extent xv, : 176 : p. : cm. ; 22
365 ## - TRADE PRICE
Currency code RS
Price amount 30
Holdings
Withdrawn status Lost status Damaged status Not for loan Home library Current library Shelving location Date acquired Source of acquisition Cost, normal purchase price Total Checkouts Full call number Barcode Date last seen Date last checked out Copy number Price effective from Koha item type
        IMTN IMTN Rack 16-B 09/25/2011 AP 475.00 2 370.72 CIP 17971 10/30/2025 10/05/2025 1 06/24/2024 Books
Designed & Maintained by: LRC IMT Nagpur Contact: lrc@imtnag.ac.in© 2024. All Rights Reserved.